00680nam a2200229 a 45000010005000000030008000050050017000130080041000300350018000710400036000890410008001250820025001331000022001582450052001802600052002323000023002844900035003075000020003426500027003626500027003898300034004166279BD-RjUL20211208234222.0140109s1957 nju 000 0 eng  a(BD-RjUL)6319 aDLC/ICUcICUdDLCdBD-RjULbeng aeng00a518.54bWHG 19572231 aWhitney, Hassler.10aGeometric integration theory. cHassler Whitney aPrinceton :bPrinceton University Press,c1957. axv, 387 p.c24 cm.1 aPrinceton mathematical series, aIncludes index. 0aNumerical integration. 0aIntegrals, Generalized 0vPrinceton mathematical series